000 00525nam a2200181Ia 4500
008 100920s9999 xx 000 0 und d
082 _b52975
_a28 व 5 थ 87
100 _aSINGH KARTAR.
245 _aStory of GURU GOBIND SINGH.
260 _bHemkunt Press,New Delhi.
_c1987
300 _a94
_bसाधी
365 _b26
520 _aबा.वि.ई.एल. ई.
630 _aStory of GURU GOBIND SINGH.
650 _aबा.वि.ई.एल. ई.
730 _aStory of GURU GOBIND SINGH.
942 _cBOOK
999 _c698176
_d698173